Reformy trhu práce v EÚ
Európska stratégia v oblasti trhu práce. Reformy trhu práce v EÚ. Štyri piliere stratégie zamestnanosti: I. zlepšenie zamestnateľnosti, II. rozvoj podnikania - zdokonaľovanie podnikateľského prostredia, III. podpora prispôsobivosti podnikov a ich zamestnancov, IV. posilnenie politík rovnakých príle...
Gespeichert in:
| 1. Verfasser: | |
|---|---|
| Format: | Buchkapitel |
| Sprache: | Slowakisch |
| Schlagworte: | |
| Tags: |
Keine Tags, Fügen Sie das erste Tag hinzu!
|
MARC
| LEADER | 00000naa$a2200000$$$4500 | ||
|---|---|---|---|
| 001 | 0039800 | ||
| 005 | 20240502071505.4 | ||
| 041 | 0 | |a slo | |
| 044 | |a SK | ||
| 245 | 1 | 0 | |a Reformy trhu práce v EÚ |c Eva Rievajová |
| 520 | |a Európska stratégia v oblasti trhu práce. Reformy trhu práce v EÚ. Štyri piliere stratégie zamestnanosti: I. zlepšenie zamestnateľnosti, II. rozvoj podnikania - zdokonaľovanie podnikateľského prostredia, III. podpora prispôsobivosti podnikov a ich zamestnancov, IV. posilnenie politík rovnakých príležitostí. Lisabonská stratégia obnovy hospodárstva. | ||
| 610 | 2 | 0 | |a Európska únia |
| 610 | 2 | 0 | |a stratégia hospodárska |
| 610 | 2 | 0 | |a trh práce |
| 610 | 2 | 0 | |a politika zamestnanosti |
| 610 | 2 | 0 | |a reformy |
| 610 | 2 | 0 | |a zamestnanosť |
| 100 | 1 | |a Rievajová, Eva | |